01596nam a2200241 a 4500001001500000003000400015005001700019008004100036020003500077020003000112040000900142082002200151245004100173250001200214260002700226300002100253520082100274700001601095856008201111942001201193999001901205952013001224ASIN393771880XOSt20180116192422.0140407s2007 xxu eng d a393771880X (hardcover)c$59.95 a9783937718804 (hardcover) csada a720.944bPAR 200710aParis architecture & design /cDaab. aMul ed. a[S.l.] :bdaab,c2007. a237 p. ;c33 cm. aIt has been the French revolution that has paved the way for an inventive and creative spirit in the arts, architecture, literature, and music that enhanced the development of science and technology of the future. Even a few years back, on the 200th anniversary of the revolution, the city presented more breath-taking monuments to modern architecture, which rival any in Europe. This book presents new and innovative projects by architects, who on the one hand, bear witness to the desire to combine environmentalism with the urban needs and, on the other, to the diversity of influence and changes needed in the architectural outlook. All projects will be listed in alphabetical order to the architects and designers, presented in a very clear layout. As far as available floor plans will give additional insights.1 aDaab.97486403Amazon.comuhttp://www.amazon.com/exec/obidos/ASIN/393771880X/chopaconline-20 2ddccBK c353932d353932 00102ddc4070aSADAbSADAd2014-04-04l1m1o720.944 PAR 2007pSADA0002281r2015-02-10s2014-12-16v6679.96w2014-04-07yBK